00310nam a22000857a 4500008004100000010001200041245011000053260000900163500005200172110621t xxu||||| |||| 00| 0 eng d aCACAF68 aCourt of Appeal Civil Application No. 49 OF 2000 Uganda Railways Corporation Vs Uganda Revenue Authority  c2000 aCoram: Hon. A. Twinomujuni, J.A. (SINGLE JUDGE)